000 00348pab a2200145 454500
008 180718b1984 xxu||||| |||| 00| 0 eng d
100 _aAustin, Michael J.
245 _aManaging cutbacks in the 1980s
260 _c1984
300 _a428-34
362 _aSept.-Oct.
650 _aExpenditures, Government
773 _aSocial Work
909 _a7920
999 _c7920
_d7920